Epic Tishort Battle - Statistiques

Statistiques générales
  • Ce quiz a été pris 6 fois
  • Le résultat moyen est 14 sur 23
Statistiques - réponses
Aipizaud Raipons % Correct
1 Danaer
100%
5 Danaer
100%
1 Vrisca
100%
5 Vrisca
100%
6 Dugland
80%
6 Larincquese
80%
7 Lotko Nace
80%
8 Lotko Nace
80%
7 Lotko Nare
80%
EPB Damien
60%
7 Direboille
60%
8 Direboille
60%
EPB Leuveuph
60%
4 Linecque
60%
4 Thalite
60%
2 Kakaya
40%
3 Oxeio Floralis
40%
8 Phauwnboille
40%
2 Terzi
40%
3 Uxuiu Flurulus
40%
EPB Démonique
20%
EPB Gateuz
20%
EPB Talaçofob
20%
Aucun quiz correspondant
Distribution des résultats
% des personnes avec chaque résultat
Percentile par nombre de réponses
Votre historique - résultats
Vous n’avez pas pris ce quiz